000 00779nam a2200205 a 4500
008 101021s2009 ||||||||||||||||| || u
020 _a9780761925422
050 _aHM 48 Kva
100 _aKvale, Steinar
245 1 0 _aInterviews: learning the craft of qualitative research interviewing. -- 2nd ed.
_cSteinar Kvale, Svend Brinkmann
250 _a2nd ed.
260 _aLondon
_bSAGE Publications
_c2009
300 _axviii, 354p.: ill.
350 _a0.00
650 0 _aINTERVIEWING IN SOCIOLOGY
650 0 _aINTERVIEWING
650 0 _aSOCIOLOGY--RESEARCH--METHODOLOGY
700 _aBrinkmann, Svend
995 _D0.00
_FCBU-MAIN LIBRARY (Kitwe)
_H1
_I0.00
_M1
_UAVAILABLE
_WNov 19, 2010
_ZMain Library Open Access Collection
999 _c47556
_d47556